Συλλογή γλωσσικού υλικού από τη Λήμνο : συμβολή στη μελέτη του λημνιακού γλωσσικού ιδιώματος

Αποθηκεύτηκε σε:
Λεπτομέρειες βιβλιογραφικής εγγραφής
Κύριος συγγραφέας: Μπελίτσος, Θεόδωρος, 1957-
Μορφή: Βιβλίο
Γλώσσα:Greek
Δημοσίευση: Αθήνα : Υπουργείο Αιγαίου, Ομοσπονδία Λημνιακών Συλλογών, 1999
Θέματα:
Ετικέτες: Προσθήκη ετικέτας
Δεν υπάρχουν, Καταχωρήστε ετικέτα πρώτοι!

MARC

LEADER 00000cam a2200000 i 4500
001 1/9786
008 000824s1999 gre d
020 |a 960-7859-18-9 
035 |l 10063195 
040 |a GR-MY-UA  |b gre  |e aacr 
041 0 |a gre 
082 0 |a 489.7 
100 1 |a Μπελίτσος, Θεόδωρος,   |d 1957- 
245 1 0 |a Συλλογή γλωσσικού υλικού από τη Λήμνο :  |b συμβολή στη μελέτη του λημνιακού γλωσσικού ιδιώματος /  |c Θεοδώρου Μπελίτσου 
260 |a Αθήνα :   |b Υπουργείο Αιγαίου,   |b Ομοσπονδία Λημνιακών Συλλογών,   |c 1999 
300 |a 181 σ.;  |b εικ., χάρτ.;  |c 25 εκ. 
650 0 0 |a Greek language  |z Greece  |z Limnos (Municipality)  |x Idioms. 
852 |a INST  |b LESVOS  |e 20000824  |h 489.7 ΜΠΕ  |p 005100024446  |q 005100024446  |t REF  |y 23 
852 |a INST  |b LESVOS  |e 20060614  |h 489.7 ΜΠΕ  |p 005100037533  |q 005100037533  |t REF  |y 23 
852 |a INST  |b RHODES  |e 20060623  |h 489.7 ΜΠΕ  |p 005400024718  |q 005400024718  |t REF  |y 23 
901 |a BIBL1-2000-2 
901 |a BIBL4-2006-1 
909 |a Λ  |b 077291 
909 |a Λ  |b 103458 
909 |a Ρ  |b 100840 
920 |a ΟΜΟΣΠΟΝΔΙΑ ΛΗΜΝΙΑΚΩΝ ΣΥΛΛΟΓΩΝ  |y ΛΕΣΒΟΣ  |z 2000-03 
920 |a ΠΑΡΑΡΤΗΜΑ ΒΙΒΛΙΟΘΗΚΗΣ ΡΟΔΟΥ  |y ΡΟΔΟΣ  |z 2006-06 
970 |a ΣΙΔΕΡΗ  |b ΝΕΚΤΑΡΙΑ  |z 2006/06/23